| 000 | 00743 a2200217 4500 | ||
|---|---|---|---|
| 010 | _aENG-88839 | ||
| 020 |
_a9788131303672 _c695.00 |
||
| 035 | _aEN-72372 | ||
| 037 | _bDBAD / PUB | ||
| 082 | _a660.6 | ||
| 090 |
_c9508 _d9508 |
||
| 100 | _aChandrawati Jee | ||
| 245 |
_aTextbook of biotechnology / _cby Chandrawati Jee and Shagufta |
||
| 260 |
_aNew Delhi _bA P H Publishing Corporation _c2008 |
||
| 270 |
_a4435-36/7, Ansari Road, Darya Ganj, _bNew Delhi _e110 002 |
||
| 300 |
_axiii, 284p. : _c22cm (Hb ) |
||
| 500 | _aIncludes bibliographical references and index | ||
| 700 | _aShagufta | ||
| 942 |
_adpl _cEN _k660.6 / CHA |
||
| 999 |
_c9334 _d9334 |
||